Kishi and Japan: the search for the sun (Record no. 369968)

000 -LEADER
fixed length control field 00374cam a22001337a 4500
008 - FIXED-LENGTH DATA ELEMENTS--GENERAL INFORMATION
fixed length control field 180718b1960 xxu||||| |||| 00| 0 eng d
082 ## - DEWEY DECIMAL CLASSIFICATION NUMBER
Classification number A99 K642/K967
100 ## - MAIN ENTRY--PERSONAL NAME
Personal name Kurzman, Dan
245 ## - TITLE STATEMENT
Title Kishi and Japan: the search for the sun
Statement of responsibility, etc. by Dan Kurzman
260 ## - PUBLICATION, DISTRIBUTION, ETC.
Place of publication, distribution, etc. New York
Name of publisher, distributor, etc. Oboslensky
Date of publication, distribution, etc. 1960
300 ## - PHYSICAL DESCRIPTION
Extent 395p.
650 ## - SUBJECT ADDED ENTRY--TOPICAL TERM
Topical term or geographic name entry element Japan - History
650 ## - SUBJECT ADDED ENTRY--TOPICAL TERM
Topical term or geographic name entry element Kishi Noeusuke, 1896
Holdings
Withdrawn status Lost status Damaged status Not for loan Permanent Location Current Location Date acquired Full call number Barcode Date last seen Price effective from Koha item type
        Indian Institute of Public Administration Indian Institute of Public Administration 1994-06-03 A99 K642/K967 25773 2018-07-21 2018-07-21 Book

Powered by Koha